[Event "IECC Swiss email"]
[Site "IECC email"]
[Date "2002.01.19"]
[Round "?"]
[White "Smallwood, James"]
[Black "Krysiak, Tomasz"]
[Result "0-1"]
[WhiteElo "1701"]
[BlackElo "1947"]
[PlyCount "108"]
[EventDate "2002.??.??"]
[EventType "tourn (corr)"]
[EventRounds "6"]
[SourceTitle "Corr 2008"]
[Source "ChessBase"]
[SourceDate "2008.06.24"]
[SourceVersion "1"]
[SourceVersionDate "2008.06.24"]
[SourceQuality "1"]

1. e4 e5 2. Nf3 Nc6 3. Bc4 Nf6 4. d3 Be7 5. 0-0 0-0 6. c3 d6 7. Bb3 Na5 8. Bc2 c5 9. Nbd2 b5 10. a3 Be6 11. b4 Nc6 12. a4 a6 13. bxc5 dxc5 14. axb5 axb5 15. Rxa8 Qxa8 16. Bb3 Qc8 17. Ng5 Bxb3 18. Qxb3 h6 19. Ngf3 Qb8 20. Ne1 Rd8 21. Kh1 Qb6 22. f3 Qa5 23. Qc2 Qa6 24. Bb2 c4 25. Rf2 Bc5 26. Re2 Nh5 27. g3 Nf6 28. dxc4 bxc4 29. Ng2 Qa2 30. Nf1 Na5 31. Nfe3 Rd3 32. Re1 Qb3 33. Qf2 Nh7 34. Ba1 Qa4 35. Bb2 Nb3 36. Qe2 Ng5 37. Bc1 Nxc1 38. Rxc1 Qa3 39. Rb1 Bxe3 40. Nxe3 Qxc3 41. Nd5 Qd4 42. Ne7+ Kh7 43. Nf5 Qc3 44. Rd1 Rxd1+ 45. Qxd1 Qxf3+ 46. Qxf3 Nxf3 47. Ne3 c3 48. Kg2 Ne1+ 49. Kf2 c2 50. Nxc2 Nxc2 51. h3 Kg6 52. Ke2 Nd4+ 53. Kd2 Kh5 54. Kd3 g5 0-1